000 01718cam a22002054a 4500
005 20250605164146.0
008 250528s ||||||||||||||||||||||||d
035 _a19184
020 _a61825322
040 _aGR-AtMCL
_bgre
_dGR-AtMCL
_eAACR2
245 1 _aIntegrative Multitheoretical Psychotherapy
250 _a1st
260 _bLahaska Press,
_c2008
300 _a532
520 _aThis approach will prove useful for a broad audience of graduate students and professionals from diverse academic fields including psychology, counselling, social work, psychiatry, nursing, and marriage and family therapy. Preface, A New Approach to Psychotherapy Integration, Introduction to Psychotherapy and Integration, Five Principles for Psychotherapy Integration, Multidimensional Adaptation and Integrative Treatment Planning, Key Strategies: Translating Psychotherapy Theories into Practical Skills, Cognitive Psychotherapy: Encouraging Functional Thoughts, Behavioral Psychotherapy: Choosing Effective Actions, Experiential - Humanistic Psychotherapy: Exploring Feelings and Personal Experiences, Biopsychosocial Psychotherapy: Connecting Body and Brain, Psychodynamic - Interpersonal Psychotherapy: Modifying Interpersonal Patterns, Systematic - Constructivist Psychotherapy: Living within Social Systems, Multicultural - Feminist Psychotherapy: Adapting to Cultural Contexts, Applications to Treatment and Training, Multi theoretical Psychotherapy in Action: Case Examples with Four Different Diagnoses, Training and Supervision in Multi theoretical Psychotherapy, Appendixes, References, Name and Subject Index.
700 1 _aBrooks-Harris Jeff E
_95429
942 _cBK
999 _c4457
_d4457